|
|
|
|
| LEADER |
00612nab a2200169 i 4500 |
| 001 |
misc24484 |
| 005 |
20191111110738.0 |
| 008 |
170803s1862 hu o 0|| zxx d |
| 040 |
|
|
|a SZTE Miscellanea Repozitórium
|b hun
|
| 041 |
|
|
|a zxx
|
| 100 |
2 |
|
|a Bidermann Hermann Ignaz
|
| 245 |
1 |
4 |
|a Die ungarischen Ruthenen, ihr Wohngebiet, ihr Erwerb und ihre Geschichte
|h [elektronikus dokumentum] /
|c Bidermann Hermann Ignaz
|
| 260 |
|
|
|c 1862
|
| 300 |
|
|
|a 17-20
|
| 490 |
0 |
|
|a Kolligátum
|
| 695 |
|
|
|a Rutének - Magyarország - tartalomjegyzék
|
| 856 |
4 |
0 |
|u http://misc.bibl.u-szeged.hu/24484/1/011_017_017-020.pdf
|z Dokumentum-elérés
|